01325nam a2200205Ia 4500001001300000003001000013005001700023008004100040040002500081041000700106100004100113245006700154260004600221300001100267500006500278501002300343520072300366650001901089654001101108b6862-49340 IT-MiCISF20250506123456.0161014s9999||||xx |||||||||||||| ||und|| aIT-MiCISFcIT-MiCISF ait aAglieri Michele, Carenzio Alessandra 0aMedia e dintorni.bUtilizzo intelligente in tempi multimediali aCinisello Balsamo (MI),bSan Paolo,c2011 app. 94 a / mass-media, famiglia, nuovi-media, educazione-familiare / aContiene glossario a I media, digitali o analogici che siano, presentano per la famiglia una sfida che possiamo sintetizzare in una parola: cambiamento. Cambiamento delle routine familiari, cambiamento delle parole e dei modi di relazionarsi, che non di rado generano nel genitore inquietudine in quanto si trova spaesato di fronte a nuovi linguaggi. Questo libro si rivolge ai genitori per introdurli nel mondo dei media con una chiave originale e secondo una prospettiva pedagogica. Non vietare, controllare e proteggere, bensì€ accompagnare, conoscere e crescere possono essere le azioni di un genitore non spaventato ma consapevole, a cui questo agile volume fornisce strumenti conoscitivi e suggerimenti per la mediazione educativa. aMassmediae006 asaggio